| 000 | 00686nam a22001697a 4500 | ||
|---|---|---|---|
| 003 | MACL | ||
| 005 | 20160127140412.0 | ||
| 008 | 160127b xxu||||| |||| 00| 0 eng d | ||
| 040 | _cMACL | ||
| 041 | _aHindi | ||
| 082 | _a190/MIS | ||
| 100 |
_aडॉ एस सी मिश्रा _934690 |
||
| 245 | _aसंघ लोक सेवा आयोग प्रारम्भिक परीक्षा हेतु दर्शनशास्त्र वस्तुनिष्ठ प्रशनों सहित | ||
| 260 |
_aआगरा _bसाहित्य भवन पब्लिकेशन्स |
||
| 650 |
_aPhilosophy _934691 |
||
| 942 |
_2ddc _cHIN |
||
| 999 |
_c52852 _d52852 |
||